00497nam a2200157Ia 4500008004100000020001500041041000800056082001300064100002800077245004700105250000600152260004800158300000800206999001900214952010600233210716s1997 xx 000 0 und d a8125900942 aeng a004 JAST aJassal, TPS;Jassal, HK. aLearning computer skills: book 5.bBook 5. a1 aNew DelhibMadhuban Educational Booksc1997 a119 c183281d183281 001040708MCAaAIMITbAIMITd2021-07-16l0o004 JASTpMCA02789r2025-07-21 00:00:00w2021-07-16yBK